Tous les albums de diamant en France depuis 2016 - Statistiques

Statistiques générales
  • Ce quiz a été pris 685 fois
    334 depuis la dernière actualisation
  • Le résultat moyen est 11 sur 45
Statistiques - réponses
Date de sortie Certification Artiste Album % Correct
Mars 2019 Octobre 2020 Ninho Destin
77%
Avril 2019 Août 2020 PNL Deux Frères
59%
Mars 2020 Juillet 2022 Ninho M.I.L.S 3.0
58%
Avril 2017 Août 2018 Damso Ipséité
54%
Juin 2019 Mars 2020 Nekfeu Les Étoiles Vagabondes
54%
Décembre 2021 Août 2023 Ninho Jefe
52%
Novembre 2021 Mai 2022 Orelsan Civilisation
51%
Septembre 2020 Août 2023 Damso QALF
49%
Juin 2018 Octobre 2023 Damso Lithopédion
47%
Septembre 2016 Mai 2017 PNL Dans la légende
43%
Octobre 2017 Juin 2018 Orelsan La fête est finie
42%
Décembre 2016 Décembre 2019 Nekfeu Cyborg
41%
Septembre 2017 Septembre 2018 Niska Commando
40%
Août 2020 Mai 2024 PLK Enna
40%
Octobre 2018 Septembre 2019 Angèle Brol
33%
Décembre 2017 Juillet 2022 Booba Trône
31%
Septembre 2017 Mars 2022 Ninho Comme Prévu
29%
Octobre 2018 Juin 2020 Lady Gaga, Bradley Cooper A Star Is Born
25%
Décembre 2018 Avril 2021 Lomepal Jeannine
25%
Juin 2017 Août 2020 Bigflo & Oli La vraie vie
23%
Décembre 2016 Juillet 2022 Jul L'Ovni
22%
Mars 2018 Octobre 2018 GIMS Ceinture Noire
21%
Novembre 2018 Octobre 2020 Aya Nakamura Nakamura
21%
Mars 2020 Juillet 2024 The Weeknd After Hours
19%
Octobre 2016 Octobre 2017 Soprano L'Everest
19%
Novembre 2019 Juin 2022 Dadju Poison ou Antidote
14%
Novembre 2017 Novembre 2018 Dadju Gentleman 2.0
12%
Septembre 2020 Février 2022 Grand Corps Malade Mesdames
12%
Mars 2017 Décembre 2017 Ed Sheeran ÷
11%
Octobre 2016 Janvier 2018 Julien Doré &
11%
Août 2019 Juillet 2020 Vitaa & Slimane Versus
10%
Juin 2016 Octobre 2023 Jul Emotions
8%
Novembre 2017 Décembre 2021 Louane Louane
6%
Novembre 2018 Décembre 2019 Soprano Phoenix
6%
Octobre 2019 Août 2021 Johnny Hallyday Johnny
5%
Août 2016 Novembre 2016 Céline Dion Encore un soir
4%
Juin 2017 Septembre 2024 Imagine Dragons Evolve
4%
Novembre 2016 Février 2018 Vianney Vianney
4%
Septembre 2017 Février 2020 Indochine 13
2%
Juillet 2016 Novembre 2017 Claudio Capéo Claudio Capéo
2%
Août 2017 Janvier 2021 Calogero Liberté Chérie
2%
Octobre 2018 Octobre 2018 Johnny Hallyday Mon pays c'est l'amour
2%
Octobre 2016 Avril 2017 M Pokora My Way
2%
Avril 2016 Mai 2016 Renaud Renaud
2%
Août 2016 Avril 2017 Kids United Tout le bonheur du monde
1%
Aucun quiz correspondant
Distribution des résultats
% des personnes avec chaque résultat
Percentile par nombre de réponses
Votre historique - résultats
Vous n’avez pas pris ce quiz depuis la dernière actualisation